000 00528nab a2200145Ia 4500
003 ES-SlBCS
005 20210601124522.0
008 140529s1985 xxu||||| |||| 00| 0 eng d
041 _aeng
100 1 _aMakkreel, Rudolf A.
_950629
245 0 0 _aDilthey and Universal Hermeneutics: The Status of the Human Sciences
_c Rudolf A. Makkreel
600 1 _aDilthey, Wilhelm-Hermenéutica
_9143959
773 0 _tJbsp (Journal of the British Society for Phenomenology, The)
_gvol. 16, nº. 3, 1985, págs. 236-249
_wRev1653
942 _cAR
999 _c516089
_d516089